00821nam a2200205 a 450000100100000000500170001000800410002704000250006808200220009310000410011524500590015625000110021526000400022630000210026650400330028759000760032004900090039695201930040599900170059800003474620200930073858.0111019s1979 cr 000 f spa d aDO-SdBNPbspacBNPHU axxxxbS468s, 19791 aSelser, Gregorio,d1922 - 19919454710aSandino, general de hombres libres /cGregorio Selser. a2a ed. aCosta Rica :bUniversitaria,c1979. a349 p. ;c17 cm. aBibliografía : p. 345-349. aPerteneció a la biblioteca personal de Juan Isidro Jimenes Grullón. aBNGR 001050718MOaGRbGRcCTd2011-10-19iLF1l0oxxxx S468s, 1979p34746-10r2020-06-25w2020-06-25y1zPerteneció a la biblioteca personal de Juan Isidro Jimenes GrullónZNo se presta c34237d34237